| 000 | 00347nam a2200121Ia 4500 | ||
|---|---|---|---|
| 008 | 170224s9999 xx 000 0 und d | ||
| 245 | _aData Association for an Adaptive Multi-target P Filter Tracking System | ||
| 260 | _bPhilippine Computing Journal | ||
| 260 | _c2012 | ||
| 300 | _aVII:1 | ||
| 500 | _aAugust | ||
| 650 | _xInformation Technology | ||
| 999 |
_c315779 _d315779 |
||